MyGZULibrary

A social history of the Shona novel / (Record no. 4852)

MARC details
000 -LEADER
fixed length control field 01065cam a2200337 a 4500
001 - CONTROL NUMBER
control field 12972873
003 - CONTROL NUMBER IDENTIFIER
control field GZU
005 - DATE AND TIME OF LATEST TRANSACTION
control field 20210324130213.0
008 - FIXED-LENGTH DATA ELEMENTS--GENERAL INFORMATION
fixed length control field 020815s2002 rh b 000 0 eng
010 ## - LIBRARY OF CONGRESS CONTROL NUMBER
LC control number 2002345567
020 ## - INTERNATIONAL STANDARD BOOK NUMBER
International Standard Book Number 0869227653
035 ## - SYSTEM CONTROL NUMBER
System control number (DLC) 2002345567
040 ## - CATALOGING SOURCE
Original cataloging agency DLC
Transcribing agency DLC
Modifying agency DLC
041 0# - LANGUAGE CODE
Language code of text/sound track or separate title engsna
042 ## - AUTHENTICATION CODE
Authentication code lcode
043 ## - GEOGRAPHIC AREA CODE
Geographic area code fs-----
050 00 - LIBRARY OF CONGRESS CALL NUMBER
Classification number PL8681.5
Item number .C49 2002
082 00 - DEWEY DECIMAL CLASSIFICATION NUMBER
Classification number 896/.39753009
Edition number 21
100 1# - MAIN ENTRY--PERSONAL NAME
Personal name Chiwome, Emmanuel.
245 12 - TITLE STATEMENT
Title A social history of the Shona novel /
Statement of responsibility, etc. E.M. Chiwome.
250 ## - EDITION STATEMENT
Edition statement Rev. ed.
260 ## - PUBLICATION, DISTRIBUTION, ETC.
Place of publication, distribution, etc. Gweru, Zimbabwe :
Name of publisher, distributor, etc. Mambo Press,
Date of publication, distribution, etc. 2002.
300 ## - PHYSICAL DESCRIPTION
Extent x, 261 p. ;
Dimensions 21 cm.
500 ## - GENERAL NOTE
General note Originally published: Kadoma, Zimbabwe : Juta Zimbabwe, 1996.
504 ## - BIBLIOGRAPHY, ETC. NOTE
Bibliography, etc. note Includes bibliographical references (p. 254-261).
546 ## - LANGUAGE NOTE
Language note In English, with some Shona.
650 #0 - SUBJECT ADDED ENTRY--TOPICAL TERM
Topical term or geographic name entry element Shona fiction
General subdivision History and criticism.
906 ## - LOCAL DATA ELEMENT F, LDF (RLIN)
a 7
b cbc
c origode
d 3
e ncip
f 20
g y-gencatlg
942 ## - ADDED ENTRY ELEMENTS (KOHA)
Source of classification or shelving scheme Library of Congress Classification
Koha item type Books
Classification part 8681.5
Item part CHI
Call number prefix PL
Call number suffix 2002
Holdings
Withdrawn status Lost status Damaged status Not for loan Collection code Home library Current library Shelving location Date acquired Total Checkouts Full call number Barcode Date last seen Date last checked out Copy number Price effective from Koha item type Source of classification or shelving scheme Inventory number
        Non-fiction City Campus Library City Campus Library General Stacks 03/24/2021 1 PL8681.5 CHI 2002 G21318 06/09/2022 06/08/2022 c.1 03/24/2021 Books    
        Non-fiction City Campus Library City Campus Library   03/25/2021   PL8681.5 CHI 2002 G21646 03/25/2021   c-2 03/25/2021 Books    
        Non-fiction City Campus Library City Campus Library General Stacks 03/25/2021   PL8681.5 CHI 2002 G21322 03/25/2021   c.3 03/25/2021 Books    
        Non-fiction City Campus Library City Campus Library General Stacks 03/30/2021 1 PL8681.5 CHI 2002 014852 06/09/2022 06/08/2022 c.4 03/30/2021 Books    
        Non-fiction Mashava Campus Library Mashava Campus Library General Stacks 05/27/2021 2 PL 8681.5 CHI 2002 G21273 05/02/2024 03/25/2024 c . 5 05/27/2021 Books Library of Congress Classification 131